logo

Bir Sreshtho Munshi Abdur Rouf Library
Jhenaidah Cadet College

The Missing Girl / (Record no. 14318)

MARC details
000 -LEADER
fixed length control field 00645nam a2200253 a 4500
001 - CONTROL NUMBER
JCCL Control Number 14318
003 - CONTROL NUMBER IDENTIFIER
JCCL marc code BD-JhCC
005 - DATE AND TIME OF LATEST TRANSACTION
control field 20250303103421.0
008 - FIXED-LENGTH DATA ELEMENTS--GENERAL INFORMATION
fixed length control field 250302b19962018e a|||| ||a| 001 0 eng d
020 ## - INTERNATIONAL STANDARD BOOK NUMBER
International Standard Book Number 9780241339282
035 ## - SYSTEM CONTROL NUMBER
system control number (BD-JhCC)14318
040 ## - CATALOGING SOURCE
Original cataloging agency BD-JhCC
Modifying agency BD-JhCC
041 ## - LANGUAGE CODE
Language code of Book english
082 ## - DEWEY DECIMAL CLASSIFICATION NUMBER
Classification number 808.83
Author mark and Year JAC 2018
100 ## - MAIN ENTRY--PERSONAL NAME
Personal name Jackson,Shirley
245 ## - TITLE STATEMENT
Title The Missing Girl /
Statement of responsibility, etc Shirley Jackson.
260 ## - PUBLICATION, DISTRIBUTION, ETC. (IMPRINT)
Place of publication, distribution, etc New York:
Name of publisher, distributor, etc Penguin Books;
Date of publication, distribution, etc 2018.
300 ## - PHYSICAL DESCRIPTION
Pagination 64 p. :
Dimensions 16 cm.
490 ## - SERIES STATEMENT
Series statement Penguin Modern: 20
500 ## - GENERAL NOTE
General note Penguin Modern: 20
650 ## - SUBJECT ADDED ENTRY--TOPICAL TERM
Topical term or geographic name as entry element English Short stories
942 ## - ADDED ENTRY ELEMENTS (KOHA)
Source of classification or shelving scheme Dewey Decimal Classification
Koha item type Books
Holdings
Source of classification or shelving scheme Damaged status Not for loan Home library Current library Shelving location Date of accession Cost, normal purchase price Total Checkouts Full call number Barcode Date last seen Copy number Method of acquisition Koha item type Currency
Dewey Decimal Classification     JCC Rouf Library JCC Rouf Library General Stacks   110.00   808.83 JAC 2018 20073 03/03/2025 C-1 Exchange Books BDT

JCC Library | Contacts | JCC Home

Last Update on 23 September 2017
Copyright @ 2017-2020 JCC Rouf Library
Rouf Library, Jhenidah Cadet College (JCC), Bangladesh